| 000 | 00577cam a22002291 4500 | ||
|---|---|---|---|
| 001 | sa 65004821 | ||
| 003 | DLC | ||
| 005 | 20260227112133.0 | ||
| 008 | 890227s1956 xx 000 0 hin | ||
| 010 | _asa 65004821 | ||
| 035 | _a(OCoLC)23560536 | ||
| 040 |
_aDLC _cMiU _dDLC |
||
| 042 | _apremarc | ||
| 050 | 0 | 0 |
_aPK2098.V4 _bZ77 |
| 100 | 1 | _aMisra, Shiv Kumar. | |
| 245 | 1 | 0 | _aBṛndāvanalūla Varmā. |
| 260 | _c1956. | ||
| 300 |
_a314 p. _c22 cm. |
||
| 500 | _aIn Hindi. | ||
| 504 | _aBibliographical footnotes. | ||
| 600 | 1 | 0 |
_aVarmā, Vr̥ndāvanalāla, _d1890-1969 |
| 999 |
_c63964 _d63964 |
||